000 00741nam a22002057a 4500
999 _c11360
_d11360
003 AR-CdUCM
008 190403b ||||| |||| 00| 0 spa d
040 _aMUNICIPALIDAD PROVINCIAL DEL CUSCO
_cBIBLIOTECA MUNICIPAL DEL CUSCO
082 _a347,5 /
_bC29 / 1943
100 _aEugenio Castañeda, Jorge
_928687
245 _aLa letra de cambio ante los tribunales peruanos /
260 _aLima :
_bCompañía de impresiones y publicidad,
_c1943.
300 _a83 páginas ;
_c21 cm.
505 _aContenido : Requisitos -- De la aceptación y de la reaceptación -- Aval -- Pago -- Del protesto ...
650 _aLetra de cambio
_928688
650 _aTribunal
_955
650 _aPeruano
_927311
942 _2ddc
_cLIBROS
945 _arah